Sociologie a psychologie pro ekonomy /

Saved in:
Bibliographic Details
Main Author: Kohout, Jaroslav (xxx)
Format: Book
Language:Czech
Published: Praha : Svoboda, 1985
Edition:1.vyd.
Subjects:
Tags: Add Tag
No Tags, Be the first to tag this record!

MARC

LEADER 00000nam a22000003a 4500
001 stu42177
005 20150617225720.9
008 940218s1985----cs------------------cze-d
040 |a STU  |b slo 
041 0 |a cze 
044 |a cs 
080 |a 159.9 
080 |a 301 
080 |a 33  |7 stu_us_auth*stu7876 
100 1 |a Kohout, Jaroslav  |4 xxx 
245 1 |a Sociologie a psychologie pro ekonomy /  |c Jaroslav Kohout a kol 
250 |a 1.vyd. 
260 |a Praha :  |b Svoboda,  |c 1985 
300 |a 214s 
650 7 |a sociológia  |2 stusub 
650 7 |a ekonómia  |2 stusub 
650 7 |a vzťahy  |2 stusub 
650 7 |a psychológia  |2 stusub 
996 |b 284M035658  |c M*2155-2  |l MMKN  |s A  |a 24  |w stu42177_0001